C++ primer /
Guardado en:
| Autor Principal: | |
|---|---|
| Otros Autores: | |
| Formato: | Libro |
| Idioma: | English |
| Publicado: |
Reading, Mass. :
Addison-Wesley,
c1998.
|
| Edición: | 3rd ed. |
| Materias: | |
| Etiquetas: |
Agregar Etiqueta
Sin Etiquetas, Sea el primero en etiquetar este registro!
|
| LEADER | 00719cam a2200241 a 4500 | ||
|---|---|---|---|
| 001 | DCC.dcic000482 | ||
| 008 | 980114s1998####mau###########001#0#eng## | ||
| 005 | 20151124112928.0 | ||
| 245 | 1 | 0 | |a C++ primer / |c Stanley B. Lippman, Josée Lajoie. |
| 250 | |a 3rd ed. | ||
| 260 | |a Reading, Mass. : |b Addison-Wesley, |c c1998. | ||
| 300 | |a xxii, 1237 p. ; |c 24 cm. | ||
| 500 | |a Includes index. | ||
| 020 | |a 0201824701 | ||
| 100 | 1 | |a Lippman, Stanley B. | |
| 700 | 1 | |a Lajoie, Josée. | |
| 082 | 0 | 0 | |a 005.13/3 |2 21 |
| 650 | 0 | |a C++ (Computer program language) | |
| 010 | |a 98009464 | ||
| 040 | |a DLC |c DLC |d DLC | ||
| 050 | 0 | 0 | |a QA76.73.C15 |b L57 1998 |
| 859 | |a DCIC |b BIB. COMPUTACION |p 0640 |t 1 | ||
| 859 | |a DCIC |b BIB. COMPUTACION |p 0641 |t 2 | ||
